000 00361nam a2200169Ia 4500
100 _aHaefel/Richard/ Chappell/D
650 _aJava
942 _cBK
366 _f10
654 _ajava message
245 _aJava Message Service
260 _bOreilly
_aNew Delhi
_c2006
082 _a005.133J/HAE
_bHAE
300 _a220
546 _aENGLISH
999 _c21942
_d21942